Handball Bundesliga Champions - Statistics

General Stats
  • This quiz has been taken 123 times
  • The average score is 6 of 16
Answer Stats
Titels Teams % Correct
20 THW Kiel
95%
2 Rhein-Neckar-Löwen
80%
1 SC Magdeburg
69%
3 SG Flensburg-Handewitt
69%
12 VFL Gummersbach
62%
1 HSV Hamburg
47%
2 TBV Lemgo
38%
9 Frisch auf Göppingen
28%
6 TV Großwallstadt
26%
3 TUSEM Essen
21%
2 SG Wallau/Massenheim
14%
1 SG Leutershausen
5%
3 Berliner SV 1892
2%
4 SV Polizei Hamburg
2%
1 RSV Mühlheim
0%
2 TSV Grün-Weiß-Dankersen
0%
No matching quizzes found
Score Distribution
Percent of People with Each Score
Percentile by Number Answered
Your Score History
You have not taken this quiz